00487nam a2200181 a 4500001001300000003000900013005001700022008004100039020000900080082001300089100001600102245006900118260002400187300000900211500003500220650003400255700001600289nice12345678IN_TiNIC20260116015208.0070405s1991 raba grp 000 0 eng  ac5000a025bQUA aQuali, Fied aQualified ManpowerbSpecialists in Islamic Studies in Jthe World aRabatbIsescoc1991 a408p aincludes index and biblioraphy aDirectory-Islamic Specialists1 aQuali, Fied